Leeds demand show no sign of letting up (Record no. 80817)

MARC details
000 -LEADER
fixed length control field 00876cab a22001935a 4500
001 - CONTROL NUMBER
control field L145452
008 - FIXED-LENGTH DATA ELEMENTS--GENERAL INFORMATION
fixed length control field 081010s2008 xxk f v 000 0 eng d
035 ## - SYSTEM CONTROL NUMBER
System control number (Sirsi) u145452
041 0# - LANGUAGE CODE
Language code of text/sound track or separate title eng
100 1# - MAIN ENTRY--PERSONAL NAME
Personal name Hall, Matthew
245 00 - TITLE STATEMENT
Title Leeds demand show no sign of letting up
260 ## - PUBLICATION, DISTRIBUTION, ETC.
Date of publication, distribution, etc. 2008
490 #0 - SERIES STATEMENT
Series statement Property Forecast
Volume/sequential designation 11(9)September 2008, 10-11(2)
520 ## - SUMMARY, ETC.
Summary, etc. Explains that the effects of worldwide economic uncertainty continue to overshadow the UK property markets, especially the office sector. Describes the current state of the Leeds market and considers the impact on investment on Leeds office markets. Concludes that regional markets like Leeds offer a more defensive position than south east and central London markets. Tables.
590 ## - LOCAL NOTE (RLIN)
Local note KA
651 #4 - SUBJECT ADDED ENTRY--GEOGRAPHIC NAME
Geographic name Leeds
690 ## - LOCAL SUBJECT ADDED ENTRY--TOPICAL TERM (OCLC, RLIN)
Topical term or geographic name as entry element PROPERTY-COMMERCIAL PROPERTY-COMMERCIAL PROPERTY MARKET
942 ## - ADDED ENTRY ELEMENTS (KOHA)
Suppress in OPAC 0
Holdings
Withdrawn status Lost status Source of classification or shelving scheme Damaged status Not for loan Home library Current library Shelving location Date acquired Total Checkouts Full call number Barcode Date last seen Copy number Price effective from Koha item type
    Dewey Decimal Classification     London London Journal article 10/10/2008   L145452 145452-1001 06/08/2019 1 06/08/2019 Journal article